| 000 | 00653nam a22002177a 4500 | ||
|---|---|---|---|
| 999 |
_c179894 _d179894 |
||
| 005 | 20210715122456.0 | ||
| 010 | _aENG-129555 | ||
| 020 |
_a978-81-9529-452-7 _c1495.00 |
||
| 035 | _aEN-113087 | ||
| 037 | _bDBAD/PUB | ||
| 082 | _a346.54072 | ||
| 100 | _aPollock | ||
| 245 |
_aThe Sale Of Goods Act / _cby Pollock & Mulla |
||
| 260 |
_aGurgaon _bLexisNexis _c2021 |
||
| 270 |
_a14th Floor,Building No 10,Tower-B,DLE Cyber City, Phase-2 _bHaryana _e122002 _k1244774444 _mwww.lexisnexis.co.in |
||
| 300 |
_a412p _c25cm(Hb) |
||
| 500 | _aIncludes index | ||
| 700 | _aPollock | ||
| 700 | _aMulla | ||
| 942 |
_2ddc _cEN _h346.54074 _mPol |
||